Komodity a obchodovanie ne komoditných burzách diplomová práca

Na minha lista:
Detalhes bibliográficos
Autor principal: Kukučová, Martina
Autor Corporativo: Fakulta podnikového manažmentu EU. Katedra podnikových financií
Outros Autores: Bikár, Miloš, 1973-
Formato: Livro
Idioma:eslovaco
Publicado em: Bratislava 2011
Tags: Adicionar Tag
Sem tags, seja o primeiro a adicionar uma tag!

MARC

LEADER 00000nbm a2200000 4500
001 0131258
005 20161109101650.5
041 0 |a slo 
044 |a SK 
245 1 0 |a Komodity a obchodovanie ne komoditných burzách  |b diplomová práca  |c Martina Kukučová ; školiteľ: Miloš Bikár 
264 1 |a Bratislava  |c 2011 
300 |a 70 s. 
100 1 |a Kukučová, Martina 
700 1 |a Bikár, Miloš, 1973- 
710 2 |a Fakulta podnikového manažmentu EU. Katedra podnikových financií